000 00305nam a22001097a 4500
082 _a174
_bCBSE/B
100 _aSHIV DAS
245 _aCBSE 6 YEARS QUESTION PAPERS BUSINESS STUDIES
_bCLASS XII
260 _aDELHI
_bSHIV DAS & SONS
650 _aBUSINESS STUDIES QUESTION PAPERS FOR CLASS XII
_zINDIA
942 _cBK
999 _c604
_d604